1534 1459 1343 1625 1289 1245 1081 1179 1066 1180 1116 1970 1539 1261 1479 1919 1257 1866 1882 1224 1391 1568 1933 1599 1012 1492 1099 1847 1075 1754 1372 1568 1049 1230 1925 1102 1925 1788 1419 1857 1166 1559 1810 1905 1514 1440 1330 1515 1441 1310 1199 1681 1083 1983 1855 1934 1188 1287 1899 1884 1850 1297 1331 1559 1557 1137 1282 1882 1286 1869 1703 1162 1295 1889 1642 1605 1095 1672 1715 1198 1100 1029 1155 1750 1775 1583 1420 1368 1196 1909 1028 1330 1416 1551 1232 1403 1085 1716 1343 BCNSPRNW ULIB Ver.6.0+V

เปลี่ยนเป็นภาษาไทย

Change to English
 แสดงรายละเอียดบรรณานุกรม
  กลับหน้าหลัก

Brief Record : Get Marc (ISO 2709) : E-mail record : QR code < ปิดหน้าต่าง
LEADER : 00000nam 2200000uu 4500
001    13399111992
003     ULIB
008    110714s||||||||th 000 0 tha d
020    9786167123615
090    นว.^bว358ล
100 0   วสันต์ จันทรา
245 00 เล่ห์รักรอยเหมันต์/^cวสันต์ จันทรา
250     พิมพ์ครั้งที่ 1
260     กรุงเทพฯ :^bกรีนมายด์,^cม.ป.ป.
300     336 หน้า
945    ^p249^l0^i028035
995    เกษร
999     ^aใช้งานได้ทุกระบบ
รายการนี้ยังไม่มีแท็ก
คุณยังไม่ได้ล็อกอิน คุณสามารถมีกิจกรรมร่วมกับเว็บไซต์ได้ แต่ต้องล็อกอินก่อน ::
  ล็อกอิน

รายการสื่อสารสนเทศ

ลำดับที่ ประเภท เลขเรียก/บาร์โค้ด สถานที่ สถานะ
1. นวนิยาย
นวนิยาย
นว. ว358ล  
  Barcode: 028035
ห้องสมุดวิทยาเขตสวรรค์ประชารักษ์
►นวนิยาย
บนชั้น
  ขอยืม

BibComment


ยังไม่เคยถูกคอมเมนท์

คอมเมนท์ทรัพยากรรายการนี้
  คอมเมนท์: เล่ห์รักรอยเหมันต..


 Copyright 2026. Bcnsprnw @Library